000 00823 a2200217 4500
003 Nust
005 20170207154048.0
010 _a 2008023247
020 _a9780470260463 (cloth)
040 _cNust
082 0 0 _a332.17
100 1 _aVirtue, Timothy M.,
245 1 0 _aPayment card industry data security standard handbook -(E-BOOK)
_cTimothy M. Virtue.
260 _aHoboken, N.J. :
_bJohn Wiley & Sons,
_cc2009.
300 _aviii, 216 p. :
_bill. ;
_c24 cm.
505 _aPart 1: The Fundamentals (Page-3),Part 2: PCI Breakdown(Control Objectives and Associated Standards) ()Page-61),Part 3: Strategy and Operations (Page-173).
650 0 _aCredit cards
_xSecurity measures.
650 0 _aData protection.
651 _aE-BOOK
856 4 1 _3Table of contents only
_uhttp://www.loc.gov/catdir/toc/ecip0819/2008023247.html
942 _2ddc
_cBK
999 _c192964
_d192964